Memoria : antología poética, 1989-2015 /

Guardado en:
Detalles Bibliográficos
Autor principal: González Fuentes, Juan Antonio (autor)
Otros autores: Portela Lopa, Antonio (edición y prólogo) (edición y prólogo)
Formato: Libro
Idioma:Español
Publicado: Madrid, España : Abada, 2015, c2015
Temas:
Etiquetas: Agrega una etiqueta
Sin etiquetas, Sé el primero en etiquetar este registro!

MARC

LEADER 00000nam^a2200000^a^4500
001 000366076
005 20250521000000.0
009 20260310115702.43
020 |a 978-84-16160-39-6 
037 |a Acervo ITESO - Biblioteca 
041 |a ESP 
082 |a 861.  |b GON 
100 |a González Fuentes, Juan Antonio  |e (autor) 
245 1 0 |a Memoria :  |b antología poética, 1989-2015 /  |c J.A. González Fuentes ; ed. y pról. de A. Portela Lopa. 
264 4 |a Madrid, España :  |b Abada,  |c 2015, c2015 
300 |a 195 p. 
336 |a texto  |b txt  |2 rdacontenido 
337 |a sin mediación  |b n  |2 rdamedio 
338 |a volumen  |b nc  |2 rdasoporte 
649 |a XX 
650 |a Poesía Española 
650 |a Literatura Española -  |y Siglo XX 
650 |a Literatura Española -  |y Siglo XXI 
700 |a Portela Lopa, Antonio  |e (edición y prólogo) 
910 |a Fondo General 
920 |a Impresos - Libros 
930 |a Colección General 
940 |a Literatura 
905 |a 101 
901 |a 0500259948  |b IT1  |c LIT  |i C148685  |u 20250521 
902 |a https://opac.biblio.iteso.mx/vufind/Record/000366076